Statistics for College Football Bowl Games Quiz

Click here to take the quiz!

General Stats

  • This quiz has been taken 10,218 times
    (10,199 since last reset)
  • The average score is 7 of 13

Answer Stats

Times HeldAnswer% Correct
105Rose Bowl
99%
85Orange Bowl
89%
83Cotton Bowl
83%
85Sugar Bowl
80%
48Fiesta Bowl
75%
51Peach Bowl
62%
85Sun Bowl
41%
74Gator Bowl
41%
73Citrus Bowl
39%
33Outback Bowl
36%
41Holiday Bowl
31%
60Liberty Bowl
29%
43Independence Bowl
24%

Score Distribution

Percentile by Number Answered

Percent of People with Each Score

Your Score History

You have not taken this quiz since the last reset